01773nab a2200289uuc4500001000800000005001700008008004100025035001200066035002100078040001300099041000800112100004100120245007900161520072900240650004500969650002801014650002801042700003401070700003601104700004001140700004101180700003701221700003901258773015701297942001001454999001901464123051520240202100734.0110203s2010 eng  a1230515 a(OCoLC)820572990 ccomduadb aeng10aBobowik, Magdalena4auteaut961200410aBeliefs about history, the meaning of historical events and culture of war3 aSe estudiaron las creencias sobre el contenido de la historia, el significado de la Segunda Guerra Mundial y la evaluación de eventos históricos en relación con una actitud favorable a la guerra. Los participantes fueron 1183 estudiantes universitarios de España, Portugal, Argentina, Brasil, Perú y Cabo Verde. Se encontraron cuatro grandes dimensiones en las representaciones sobre el pasado: la historia como proceso de progreso y dirigida por líderes; la historia compuesta por calamidades que se deben aceptar; la historia como violencia y catástrofes; y, la historia como carente de sentido. La prevalente visión positiva de la historia se asoció a una actitud favorable a luchar en una nueva guerra. 7aRepresentaciones sociales2armarc972358 7aViolencia2embne932770 aGuerra y cultura99822910aPaez, Dario4auteaut942463410aLiu, James H.4auteaut961199010aEspinosa, Agustin4auteaut945770210aTechio, Elza Maria4auteaut945740710aZubieta, Elena4auteaut959068410aCabecinhas, Rosa4auteaut96143780 tRevista de Psicología (Pontificia universidad Católica del Perú)gVolumen 28, Número 01, Enero-Junio 2010, p. 111-146w607617x0254-92470181725 cARIMP c572385d572385